[Event "Hampstead op U2200 12"]
[Site "Hampstead"]
[Date "2013.12.22"]
[Round "4"]
[White "Morgan, Marc"]
[Black "Balouka Myers, Gabriel"]
[Result "0-1"]
[WhiteElo "1598"]
[BlackElo "1592"]
[PlyCount "82"]
[EventDate "2013.12.21"]
[EventType "swiss"]
[EventRounds "5"]
[EventCountry "ENG"]
[SourceTitle "EXT 2015"]
[Source "ChessBase"]
[SourceDate "2014.11.20"]
[SourceVersion "1"]
[SourceVersionDate "2014.11.20"]
[SourceQuality "1"]

1. e4 c6 2. d4 d5 3. Nc3 dxe4 4. Nxe4 Bf5 5. Ng3 Bg6 6. Be3 e6 7. Nf3 Nd7 8. Bd3 Bxd3 9. Qxd3 Ngf6 10. 0-0 Qc7 11. h3 Bd6 12. Ne4 Nxe4 13. Qxe4 Nf6 14. Qd3 0-0 15. Bg5 Be7 16. Rfe1 Rfd8 17. Rad1 Qb6 18. b3 c5 19. c4 cxd4 20. Nxd4 Bc5 21. Bxf6 gxf6 22. Qg3+ Kh8 23. Nf3 e5 24. Rf1 Rxd1 25. Rxd1 Rg8 26. Qh4 Qc6 27. Rd5 b5 28. Nd2 Bd4 29. Ne4 Rg6 30. g3 bxc4 31. Rd6 Qc7 32. Nxf6 Rg7 33. Ne4 Bb6 34. bxc4 Qxc4 35. Rd2 f5 36. Qf6 fxe4 37. Rd7 Bxf2+ 38. Kxf2 Qc2+ 39. Ke1 Qc3+ 40. Kd1 Qf3+ 41. Qxf3 Rxd7+ 0-1

[Event "Hampstead op U2200 12"]
[Site "Hampstead"]
[Date "2013.12.21"]
[Round "1"]
[White "Millward, David J"]
[Black "Morgan, Marc"]
[Result "1-0"]
[WhiteElo "1912"]
[BlackElo "1598"]
[PlyCount "89"]
[EventDate "2013.12.21"]
[EventType "swiss"]
[EventRounds "5"]
[EventCountry "ENG"]
[SourceTitle "EXT 2015"]
[Source "ChessBase"]
[SourceDate "2014.11.20"]
[SourceVersion "1"]
[SourceVersionDate "2014.11.20"]
[SourceQuality "1"]

1. e4 c5 2. Nc3 Nc6 3. f4 e6 4. Nf3 d6 5. Bb5 a6 6. Bxc6+ bxc6 7. 0-0 Nf6 8. d3 Be7 9. e5 Nd5 10. exd6 Qxd6 11. Ne4 Qc7 12. Ne5 0-0 13. Qf3 f6 14. Nc4 Bd7 15. Bd2 Nb4 16. c3 Nd5 17. Be1 f5 18. Ned2 Rf6 19. Bh4 Rh6 20. Bxe7 Nxe7 21. Ne5 Be8 22. Ndc4 Ng6 23. Qe3 Qe7 24. g3 Rd8 25. Rae1 Nxe5 26. Nxe5 Qb7 27. b3 Qb5 28. Rf2 a5 29. Rb1 a4 30. Rfb2 a3 31. Rd2 Qa5 32. Rc1 Rb8 33. Nc4 Qa7 34. Qe5 Ra8 35. Re1 Qe7 36. Qxf5 Bf7 37. Qe5 Rh5 38. Qe2 Qf6 39. Ne5 Be8 40. Qe3 Ra5 41. Nc4 Ra8 42. Qxe6+ Qxe6 43. Rxe6 Kf7 44. Rde2 Rd8 45. Rxe8 1-0